10 Random Numbers 1-20 - Blind Ranking - Statistics

General Stats
  • This quiz has been taken 217 times
  • The average score is 6 of 10
Answers on the Map
Answers color-coded by a green-red scale on the quiz's map according to % correct below.
 
Answer Stats
Number % Correct
14
82%
4
73%
17
69%
12
65%
16
63%
19
61%
11
60%
10
59%
18
58%
6
58%
9
57%
5
56%
7
53%
13
50%
2
50%
8
50%
3
45%
15
41%
1
35%
20
35%
No matching quizzes found
Score Distribution
Percent of People with Each Score
Percentile by Number Answered
Your Score History
You have not taken this quiz